Anagrammi Capitali - Morte improvvisa - Statistics

Statistiche generali
  • Questo quiz è stato fatto 105 volte
  • Il punteggio medio è 7 su 15
Answers on the Grid
Answers color-coded by a green-red scale on the quiz's grid according to % correct below.
maro
priagi
adrdim
rnlobei
dornla
eanet
omasc
lelesxurb
bnsoila
gtwhiaonsn
irsablia
pceiohn
yokot
ho ivundeal
icori la
uirssa
iitaal
aeoippng
arfcani
spgaan
yaken
olgoioor
ionrot
alomni
rkwyn eo
raicuth
dasacmgraa
ngiaatenr
aahwii
oiocpren
 
Statistiche sulle risposte
Risposta % Corretto
priagi
82%
maro
80%
yokot
78%
adrdim
57%
lelesxurb
57%
omasc
53%
pceiohn
49%
irsablia
39%
eanet
36%
gtwhiaonsn
36%
rnlobei
35%
dornla
30%
icori la
30%
bnsoila
23%
ho ivundeal
15%
Nessun quiz corrispondente trovato
Distribuzione punteggi
Percentuale di utenti per punteggio
Percentile per numero di risposta
I tuoi punteggi nel tempo
Non hai fatto questo quiz